000 00464nam a2200157 i 4500
001 82875
003 ES-MaACL
005 20230906174739.0
007 t|
008 041112s1968 sp ||||1| spa d
110 2 _aInstituto "Jaime Ferrán" de Microbiología.
_95105
245 1 0 _aMemoria del Instituto Jaime Ferrán de Microbiología /
_cC.S.I.C.
260 _aMadrid :
_b[s.n.,
_c1968]
300 _a36 fol. ;
_c31 cm.
852 _aES-MaACL
_j2069-F-13
_bR.71472
999 _c82875
_d82875